Mythical Creatures Quiz Stats

 Plays Quiz Updated Nov 30, 2017

Score 0/18 Timer 06:00
24 Plays Today
Description Creature % Correct
Horse with a hornUnicorn
92%
One-eyed GiantCyclops
90.3%
Woman with snakes for hairMedusa (Gorgon)
89%
Half Man/Half HorseCentaur
88.3%
Bird reborn through firePhoenix
87.2%
Half Woman/Half FishMermaid
87%
Winged HorsePegasus
85.4%
Half Man/Half BullMinotaur
73.6%
Fire Breathing & SerpentineDragon
72.9%
Description Creature % Correct
Half Lion/Half EagleGryphon
66.4%
Lion Body/Human HeadSphinx
56.4%
Three-headed dogCerberus
55.4%
Gargantuan Sea MonsterKraken or Leviathan
50%
Half Man/Half GoatSatyr
49.9%
Vulture Body/Woman TorsoHarpy
49.1%
Woman that lures with songSiren
38.3%
Lion Head/Goat Body/Snake TailChimera
37.3%
Part Poultry/Serpent TailCockatrice (Basilisk)
27.2%

You're not logged in!

Compare scores with friends on all Sporcle quizzes.
OR
Log In

Sporcle TV

Today on Sporcle TV


Watch our educational content, quiz creation guides, and fun videos on Sporcle TV.

Show Comments

Extras

Top Quizzes Today


Score Distribution

Your Account Isn't Verified!

In order to create a playlist on Sporcle, you need to verify the email address you used during registration. Go to your Sporcle Settings to finish the process.

Report this User

Report this user for behavior that violates our Community Guidelines.

Details: